घराबाहेर (Record no. 472021)

MARC details
000 -LEADER
fixed length control field 00443nam a2200145Ia 4500
008 - FIXED-LENGTH DATA ELEMENTS--GENERAL INFORMATION
fixed length control field 100204s9999 xx 000 0 und d
082 ## - DEWEY DECIMAL CLASSIFICATION NUMBER
Item number 26842
100 ## - MAIN ENTRY--PERSONAL NAME
Personal name ओक सुनेत्रा
245 ## - TITLE STATEMENT
Title घराबाहेर
260 ## - PUBLICATION, DISTRIBUTION, ETC. (IMPRINT)
Name of publisher, distributor, etc "अक्षता पब्लिकेशन्स, पुणे"
Date of publication, distribution, etc 2006-3
300 ## - PHYSICAL DESCRIPTION
Extent 240
630 ## - SUBJECT ADDED ENTRY--UNIFORM TITLE
Uniform title घराबाहेर
730 ## - ADDED ENTRY--UNIFORM TITLE
Uniform title घराबाहेर
942 ## - ADDED ENTRY ELEMENTS (KOHA)
Koha item type Book
Holdings
Withdrawn status Lost status Damaged status Not for loan Home library Current library Date acquired Cost, normal purchase price Total Checkouts Full call number Barcode Date last seen Cost, replacement price Price effective from Koha item type
        N. C. Kelkar Sarvajanik Library, Mulund N. C. Kelkar Sarvajanik Library, Mulund 01/20/2006 225.00   26842 NCKMULUND-26842 02/04/2010 225.00 02/04/2010 Book